[Event "HUN-chT2 Toth 2324"]
[Site "Hungary"]
[Date "2024.02.18"]
[Round "4.12"]
[White "Kralik, Attila"]
[Black "Huszar, Adam Janos"]
[Result "1-0"]
[WhiteElo "1598"]
[BlackElo "1706"]
[PlyCount "91"]
[EventDate "2023.10.08"]
[EventType "team-tourn"]
[EventRounds "9"]
[EventCountry "HUN"]
[SourceTitle "EXT 2025"]
[Source "ChessBase"]
[SourceDate "2024.10.14"]
[SourceVersion "1"]
[SourceVersionDate "2024.10.14"]
[SourceQuality "1"]
[WhiteTeam "Mako Duocor II"]
[BlackTeam "Felegyhaza Csongrad"]
[WhiteTeamCountry "HUN"]
[BlackTeamCountry "HUN"]

1. Nf3 d5 2. g3 Nf6 3. Bg2 e6 4. d3 c5 5. 0-0 Nc6 6. Nbd2 Bd6 7. c4 0-0 8. a3 Re8 9. Qc2 h6 10. b3 b6 11. Bb2 d4 12. e4 dxe3 13. fxe3 e5 14. Nxe5 Nxe5 15. Bxa8 Neg4 16. Bxf6 Nxf6 17. Ne4 Ng4 18. Bd5 Nxe3 19. Bxf7+ Kh8 20. Qe2 Nxf1 21. Bxe8 Qxe8 22. Rxf1 Be5 23. Nf2 Bb7 24. Re1 Qc6 25. Ne4 Bd4+ 26. Kg2 Qe6 27. Qf3 Qg6 28. Rf1 h5 29. Qf8+ Kh7 30. Qf5 Qxf5 31. Rxf5 Kh6 32. Rf7 Bc6 33. Rxa7 Be5 34. Re7 Bf6 35. Re6 Bd7 36. Rxb6 Kg6 37. Kf3 Kf5 38. Nxf6 gxf6 39. a4 Kg5 40. a5 f5 41. a6 f4 42. gxf4+ Kh4 43. a7 Kh3 44. Rh6 Bc6+ 45. Rxc6 h4 46. a8Q 1-0